00779 a2200265 4500003000500000005001700005010001700022020001500039020001800054035002400072040000900096082001000105100002500115245007600140250001300216260003100229300004100260500002200301650002900323651001100352700001600363942001200379999001900391952010300410Nust20170207171638.0 a 2011038674 a0132834871 a9780132834872 a(OCoLC)ocn755904469 cNust00a658.31 aRobbins, Stephen P.,10aOrganizational behavior (E-Book)cStephen P. Robbins, Timothy A. Judge. a15th ed. aBoston :bPearson,cc2013. axxxiv, 676 p. :bcol. ill. ;c29 cm. aIncludes indexes. 0aOrganizational behavior. aE-Book1 aJudge, Tim. 2ddccBK c218030d218030 00102ddc40708NFICaMCSbMCSd2016-12-12l0o658.3 ROBpMCSEB-1785r2016-12-08w2016-12-12yBK